Đồng Nai: Quyết tâm giảm tai nạn lao động, bệnh nghề nghiệp và cháy nổ trên địa bàn
Na minha lista:
| Autor principal: | |
|---|---|
| Formato: | Livro |
| Idioma: | Undetermined |
| Assuntos: | |
| Acesso em linha: | http://lrc.tdmu.edu.vn/opac/search/detail.asp?aID=2&ID=35582 |
| Tags: |
Adicionar Tag
Sem tags, seja o primeiro a adicionar uma tag!
|
| Thư viện lưu trữ: | Trung tâm Học liệu Trường Đại học Thủ Dầu Một |
|---|
| LEADER | 00632nam a2200133Ia 4500 | ||
|---|---|---|---|
| 001 | TDMU_35582 | ||
| 008 | 210410s9999 xx 000 0 und d | ||
| 082 | |a 658.15224 | ||
| 100 | |a Nguyễn, Trinh | ||
| 245 | 0 | |a Đồng Nai: Quyết tâm giảm tai nạn lao động, bệnh nghề nghiệp và cháy nổ trên địa bàn | |
| 300 | |a Tr.37-38 | ||
| 650 | |a Chính trị - Xã hội; Đồng Nai; Tai nạn lao động; Bệnh nghề nghiệp; Cháy nổ | ||
| 856 | |u http://lrc.tdmu.edu.vn/opac/search/detail.asp?aID=2&ID=35582 | ||
| 980 | |a Trung tâm Học liệu Trường Đại học Thủ Dầu Một | ||